Introduction to Accountancy (Record no. 5356)

MARC details
000 -LEADER
fixed length control field 00474cam a2200181ua 4500
001 - CONTROL NUMBER
control field 6209
005 - DATE AND TIME OF LATEST TRANSACTION
control field 20260515114019.0
008 - FIXED-LENGTH DATA ELEMENTS--GENERAL INFORMATION
fixed length control field 131121n ii |||gr||||Z||||||eng
040 ## - CATALOGING SOURCE
Transcribing agency MAIN
082 ## - DEWEY DECIMAL CLASSIFICATION NUMBER
Classification number 657
245 11 - TITLE STATEMENT
Title Introduction to Accountancy
Statement of responsibility, etc. By S.N. Maheswari
260 ## - PUBLICATION, DISTRIBUTION, ETC.
Place of publication, distribution, etc. New Delhi:
Name of publisher, distributor, etc. Vikas Publishing House Pvt ltd,
Date of publication, distribution, etc. 1984.
300 ## - PHYSICAL DESCRIPTION
Extent x,866p.
653 ## - INDEX TERM--UNCONTROLLED
Uncontrolled term Commerce
653 ## - INDEX TERM--UNCONTROLLED
Uncontrolled term Introduction to accountancy
700 1# - ADDED ENTRY--PERSONAL NAME
Personal name Maheswari,S.N.,
Relator term Author.
942 ## - ADDED ENTRY ELEMENTS (KOHA)
Koha item type Books
Holdings
Withdrawn status Lost status Damaged status Not for loan Home library Current library Shelving location Date acquired Total checkouts Full call number Barcode Date last seen Copy number Price effective from Koha item type
        Naharkatiya College Library Naharkatiya College Library General stacks 09/19/2020   657 | MAH 13052 09/19/2020 1 09/19/2020 Books